| Tag |
First Indicator |
Second Indicator |
Subfields |
| LEADER |
00000pam a2200000 a 4500 |
| 001 |
in00000072828 |
| 005 |
20151008054635.0 |
| 008 |
810109s1981 nbu b 00010 engm |
| 010 |
|
|
|a 81000436
|
| 020 |
|
|
|a 0803247117
|
| 035 |
|
|
|a (OCoLC)07197769
|
| 035 |
|
|
|9 AAJ1250AM
|
| 039 |
0 |
|
|a 2
|b 3
|c 3
|d 3
|e 3
|
| 040 |
|
|
|a DLC
|c DLC
|d m.c.
|d TXA
|d UtOrBLW
|
| 043 |
|
|
|a n-us---
|
| 049 |
|
|
|a TXAM [Also in] [Sp Coll]
|c 1 [1672474]
|a TXAS
|c 2 [1702534]
|
| 050 |
0 |
0 |
|a GR105.5
|b .W44
|
| 082 |
0 |
|
|a 398.2/4529725
|2 19
|
| 100 |
1 |
|
|a Welsch, Roger L.
|
| 245 |
1 |
0 |
|a Mister, you got yourself a horse :
|b tales of old-time horse trading /
|c edited, with an introduction by Roger L. Welsch.
|
| 264 |
|
1 |
|a Lincoln :
|b University of Nebraska Press,
|c [1981]
|
| 264 |
|
4 |
|c ©1981
|
| 300 |
|
|
|a xi, 207 pages ;
|c 23 cm.
|
| 336 |
|
|
|a text
|b txt
|2 rdacontent
|
| 337 |
|
|
|a unmediated
|b n
|2 rdamedia
|
| 338 |
|
|
|a volume
|b nc
|2 rdacarrier
|
| 504 |
|
|
|a Bibliography: page 207.
|
| 650 |
|
0 |
|a Horse trading
|z United States
|x Folklore.
|
| 650 |
|
0 |
|a Horses
|z United States
|x Folklore.
|
| 650 |
|
0 |
|a Tales
|z United States.
|
| 999 |
|
|
|a MARS
|
| 999 |
f |
f |
|s 552b987c-ecd3-3bb7-8705-1141c93db84b
|i 6c5d1626-11b5-36c1-8cb8-e768952bec55
|t 0
|
| 952 |
f |
f |
|p noncirc
|a Texas A&M University
|b College Station
|c Cushing Memorial Library & Archives
|d Cushing: Dykes (Does not check out)
|t 0
|e GR105.5 .W44
|h Library of Congress classification
|i unmediated -- volume
|m A14851743964
|
| 952 |
f |
f |
|p normal
|a Texas A&M University
|b College Station
|c Sterling C. Evans Library
|d Evans: Library Stacks
|t 0
|e GR105.5 .W44
|h Library of Congress classification
|i unmediated -- volume
|m A14806114846
|
| 998 |
f |
f |
|a GR105.5 .W44
|t 0
|l Evans: Library Stacks
|
| 998 |
f |
f |
|a GR105.5 .W44
|t 0
|l Cushing: Dykes (Does not check out)
|